Cleveland Cavaliers NBA Finals Starters - Statistics

General Stats
  • This quiz has been taken 639 times
  • The average score is 8 of 13
Answer Stats
Finals Players % Correct
2007, 2015, 2016, 2017, 2018 LeBron James
100%
2016, 2017 Kyrie Irving
99%
2016, 2017, 2018 Kevin Love
98%
2016, 2017, 2018 J.R. Smith
93%
2015, 2016, 2017, 2018 Tristan Thompson
90%
2007 Zydrunas Ilgauskas
72%
2015 Matthew Dellavedova
55%
2015 Iman Shumpert
40%
2015 Timofey Mozgov
40%
2018 George Hill
39%
2007 Drew Gooden
23%
2007 Larry Hughes
23%
2007 Sasha Pavlović
11%
No matching quizzes found
Score Distribution
Percent of People with Each Score
Percentile by Number Answered
Your Score History
You have not taken this quiz